[Event "Paris ChessMates 3rd"]
[Site "Paris"]
[Date "2019.03.30"]
[Round "4.1"]
[White "Ivanova, Yaroslava"]
[Black "Avetisyan, Gagik1111"]
[Result "0-1"]
[WhiteElo "1232"]
[BlackElo "1474"]
[PlyCount "90"]
[EventDate "2019.03.29"]
[EventType "team-tourn"]
[EventRounds "5"]
[EventCountry "FRA"]
[SourceTitle "CBM 189 Extra"]
[Source "ChessBase"]
[SourceDate "2019.06.03"]
[SourceVersion "1"]
[SourceVersionDate "2019.06.03"]
[SourceQuality "1"]
[WhiteTeam "Murmansk Region"]
[BlackTeam "Ireland"]
[WhiteTeamCountry "RUS"]
[BlackTeamCountry "IRL"]

1. d4 Nf6 2. Nf3 g6 3. g3 Bg7 4. Bg2 0-0 5. 0-0 d5 6. c4 c6 7. Nbd2 Nbd7 8. b3 Re8 9. Bb2 Rf8 10. e3 Ne8 11. Qe2 Nd6 12. Rac1 Nf6 13. Rfd1 Bg4 14. h3 Bf5 15. cxd5 cxd5 16. Ne5 Nde4 17. a3 Nxd2 18. Qxd2 Ne4 19. Qe2 Nf6 20. b4 Bd7 21. Rc2 Ba4 22. Rdc1 Bxc2 23. Rxc2 e6 24. Bf3 Rc8 25. Kg2 Rxc2 26. Qxc2 Qc8 27. Bd1 Qxc2 28. Bxc2 Rc8 29. Bd3 Ne8 30. Nf3 Nd6 31. Nd2 Nc4 32. Nxc4 dxc4 33. Bc2 c3 34. Ba1 Bf8 35. Kf3 a5 36. Ke2 axb4 37. axb4 Bxb4 38. Kd3 Ba5 39. Ba4 b5 40. Bb3 b4 41. Kc2 Kg7 42. Kd3 Ra8 43. Kc2 Bc7 44. Kb1 Ra3 45. Bd1 Ba5 0-1

[Event "Paris ChessMates 3rd"]
[Site "Paris"]
[Date "2019.03.29"]
[Round "2.2"]
[White "Catalan, Ciro"]
[Black "Ivanova, Yaroslava"]
[Result "1-0"]
[WhiteElo "1599"]
[BlackElo "1232"]
[PlyCount "63"]
[EventDate "2019.03.29"]
[EventType "team-tourn"]
[EventRounds "5"]
[EventCountry "FRA"]
[SourceTitle "CBM 189 Extra"]
[Source "ChessBase"]
[SourceDate "2019.06.03"]
[SourceVersion "1"]
[SourceVersionDate "2019.06.03"]
[SourceQuality "1"]
[WhiteTeam "Rotterdam Pathena"]
[BlackTeam "Murmansk Region"]
[WhiteTeamCountry "NED"]
[BlackTeamCountry "RUS"]

1. d4 d5 2. c4 e6 3. Nf3 Nf6 4. g3 c5 5. Bg2 Nc6 6. cxd5 Nxd5 7. e3 b6 8. 0-0 Bb7 9. Nc3 Nf6 10. Qa4 Nd7 11. Rd1 Be7 12. dxc5 Bxc5 13. a3 Qe7 14. Nb5 0-0 15. b4 a6 16. Nc3 Bd6 17. Bb2 b5 18. Qc2 Rfd8 19. Ne4 Be5 20. Nxe5 Ndxe5 21. Nc5 Nc4 22. Qc3 Nxb2 23. Qxb2 Rxd1+ 24. Rxd1 Nd8 25. Bxb7 Nxb7 26. Rd7 Qg5 27. Rxb7 Qd5 28. Rd7 Qc6 29. Qd4 g6 30. Qe4 Qc8 31. Qb7 Qe8 32. Ne4 1-0